Biotechnology in international agricultural research : (Record no. 12913)
[ view plain ]
| 000 -LEADER | |
|---|---|
| fixed length control field | 00603nam a2200157 a 4500 |
| 020 ## - INTERNATIONAL STANDARD BOOK NUMBER | |
| ISBN | 9711041243 |
| 040 ## - CATALOGING SOURCE | |
| Transcribing agency | DLC |
| 082 00 - DEWEY DECIMAL CLASSIFICATION NUMBER | |
| Classification number | 631 INT 1985 A044 Or. |
| 245 10 - TITLE STATEMENT | |
| Title | Biotechnology in international agricultural research : |
| Remainder of title | proceedings of the Inter-Center Seminar on International Agricultural Research Centers (IARCs) and Biotechnology, 23-27 April 1984. |
| 260 ## - PUBLICATION, DISTRIBUTION, ETC. (IMPRINT) | |
| Place of publication | Manila, Philippines : |
| Name of publisher | International Rice Research Institute, |
| Year of publication | 1985. |
| 300 ## - PHYSICAL DESCRIPTION | |
| Number of Pages | 435 p. : |
| Other physical details | ill. ; |
| Dimensions | 23 cm. |
| 650 #0 - SUBJECT ADDED ENTRY--TOPICAL TERM | |
| Topical Term | Agricultural biotechnology |
| 650 #0 - SUBJECT ADDED ENTRY--TOPICAL TERM | |
| Topical Term | Agricultural biotechnology |
| 650 #0 - SUBJECT ADDED ENTRY--TOPICAL TERM | |
| Topical Term | Agriculture |
| 942 ## - ADDED ENTRY ELEMENTS (KOHA) | |
| Koha item type | សៀវភៅភាសាអង់គ្លេស |
No items available.